Interdisciplinary Nutritional Management and Care for Older Adults (Record no. 11615)
[ view plain ]
| 000 -LEADER | |
|---|---|
| fixed length control field | 00667nam a2200121Ia 4500 |
| 008 - FIXED-LENGTH DATA ELEMENTS--GENERAL INFORMATION | |
| fixed length control field | 220615s9999||||xx |||||||||||||| ||und|| |
| 245 #0 - TITLE STATEMENT | |
| Title | Interdisciplinary Nutritional Management and Care for Older Adults |
| Remainder of title | An Evidence-Based Practical Guide for Nurses |
| 546 ## - LANGUAGE NOTE | |
| Language note | English[eng] |
| 650 ## - SUBJECT ADDED ENTRY--TOPICAL TERM | |
| Topical term or geographic name entry element | Open access||1. Fragility fractures||2. Frail elderly||3. Malnutrition||4. Medical nutrition||5. Nutrition management||6. Protein Energy Malnutrition||7. Physical activity||8. Physical function||9. Sarcopenia |
| 700 ## - ADDED ENTRY--PERSONAL NAME | |
| Personal name | Geirsdóttir, Ólöf G.||Bell, Jack J. |
| 856 ## - ELECTRONIC LOCATION AND ACCESS | |
| Uniform Resource Identifier | <a href="https://library.oapen.org/bitstream/20.500.12657/50702/1/978-3-030-63892-4.pdf">https://library.oapen.org/bitstream/20.500.12657/50702/1/978-3-030-63892-4.pdf</a> |
| 942 ## - ADDED ENTRY ELEMENTS (KOHA) | |
| Koha item type | E-Books |
| Withdrawn status | Lost status | Damaged status | Not for loan | Home library | Current library | Date acquired | Total Checkouts | Date last seen | Price effective from | Koha item type |
|---|---|---|---|---|---|---|---|---|---|---|
| Kerala University of Digital Sciences, Innovation and Technology Knowledge Centre | Kerala University of Digital Sciences, Innovation and Technology Knowledge Centre | 15/06/2022 | 15/06/2022 | 15/06/2022 | E-Books |